Calculus with analytic geometry
Uloženo v:
| Hlavní autor: | |
|---|---|
| Médium: | Kniha |
| Jazyk: | angličtina |
| Vydáno: |
Nueva York
Appleton Century Crofts
1965
|
| Témata: | |
| Tagy: |
Přidat tag
Žádné tagy, Buďte první, kdo vytvoří štítek k tomuto záznamu!
|
MARC
| LEADER | 00000nam a2200000 a 4500 | ||
|---|---|---|---|
| 001 | UCU2596 | ||
| 003 | CL-VaPUC | ||
| 008 | 960426e19650000US |||||||||||||||||eng|d | ||
| 082 | 0 | 4 | |a 515.15 |b PUR |2 21 |
| 100 | 0 | |a Purcell, Edwin J |e author |9 358892 | |
| 245 | 1 | 0 | |a Calculus with analytic geometry |
| 300 | |a 843 p | ||
| 942 | |c BK | ||
| 945 | |d 19960426 00:00:00 |a cmena | ||
| 260 | |a Nueva York |b Appleton Century Crofts |c 1965 | ||
| 650 | 0 | |a Cálculo |9 260234 | |
| 650 | 0 | |a Análisis vectorial |9 260451 | |
| 650 | 0 | |a Cálculo integral |9 260103 | |
| 650 | 0 | |a Ecuaciones integrales |9 270067 | |
| 650 | 0 | |a Álgebra vectorial |9 269971 | |
| 650 | 0 | |a Vectores |x Matemáticas |9 269973 | |
| 650 | 0 | |a Ecuaciones diferenciales |9 260083 | |
| 583 | |a last modification |c 19960426 00:00:00 |k Rodrigo Vera | ||
| 999 | |c 246851 |d 246849 | ||